• 首页
  • 本馆介绍
  • 公告通知
  • 最新文献
  • 馆藏检索
  • 电子资源
  • 读者导购
  • 参考咨询
  • 我的图书馆
  • 登录
  • 详细信息显示
  • 放入我的书架
  • 预约/预借图书
  • 作者相关作品
  • 分类相关作品
  • 丛书相关作品
  • 出版社相关作品

书目信息

  • 表格格式
  • 工作单格式
  • 卡片格式
题名:
制冷压缩机
    
 
作者: 吴业正 , 李红旗 , 张华 主编
分册:  
出版信息: 北京   机械工业出版社  2021.1
页数: 267页
开本: 26cm
丛书名:
单 册:
中图分类: TB652
科图分类:
主题词: 制冷压缩机--高等教育--教材
电子资源:
ISBN: 978-7-111-57365-4
000 00966nam0 2200277 45
001 012001002249
005 20211013162334.99
010    @a978-7-111-57365-4@dCNY45.00
100    @a20180122d2018 em y0chiy50 ea
101 0  @achi
102    @aCN@b110000
105    @aa z 000yy
106    @ar
200 1  @a制冷压缩机@Azhi leng ya suo ji@b专著@f吴业正,李红旗,张华主编
205    @a3版
210    @a北京@c机械工业出版社@d2021.1
215    @a267页@c图@d26cm
300    @a普通高等教育“十三五”规划教材 普通高等教育规划教材
330    @a本书全面阐述了往复式制冷压缩机、回转式制冷压缩机和离心式制冷压缩机的工作原理、热力过程分析与计算、动力过程分析与受力计算、总体结构等。
606 0  @a制冷压缩机@x高等教育@j教材
690    @aTB652@v5
701  0 @a吴业正@Awu ye zheng@f(1937~)@4主编
701  0 @a李红旗@Ali hong qi@c(制冷空调)@4主编
701  0 @a张华@Azhang hua@f(1966~)@4主编
801  0 @aCN@bBJSDL@c20211011
905    @b1339002-5@dTB652@e605=3@f4
    
    制冷压缩机/吴业正,李红旗,张华主编.-3版.-北京:机械工业出版社,2021.1
    267页:图;26cm
    普通高等教育“十三五”规划教材 普通高等教育规划教材
    
    ISBN 978-7-111-57365-4:CNY45.00
    本书全面阐述了往复式制冷压缩机、回转式制冷压缩机和离心式制冷压缩机的工作原理、热力过程分析与计算、动力过程分析与受力计算、总体结构等。
●
相关链接 在E读中查询图书 在五车中查询图书 在当当中查询图书 在豆瓣中查询图书


正题名:制冷压缩机     索取号:TB652/605=3         预约/预借

序号 登录号 条形码 馆藏地/架位号 状态 备注
1 1339002   213390025   第二样本阅览室/ [索取号:TB652/605=3] 在馆    
2 1339003   213390034   第三借阅区/ [索取号:TB652/605=3] 在馆    
3 1339004   213390043   第三借阅区/ [索取号:TB652/605=3] 在馆    
4 1339005   213390052   第三借阅区/ [索取号:TB652/605=3] 在馆    
唐山师范学院图书馆 欢迎您!
大连网信软件有限公司© 版权所有